| 000 | 00415nam a22001337a 4500 | ||
|---|---|---|---|
| 082 |
_a621.31924 _bPAK _cD |
||
| 110 |
_aPakistan cables limited / _941493 |
||
| 245 |
_aWiring manual for installation in pakistan / _cPakistan cables limited / |
||
| 260 |
_aPakistan : _bPakistan cables limited / _cc1963. |
||
| 300 | _ax 240 p. : | ||
| 526 |
_a0 _b0 _c0 _d621_319240000000000_PAK |
||
| 650 |
_aMCE _9379 |
||
| 942 |
_2ddc _cBK |
||
| 999 |
_c545589 _d545589 |
||